Muyaka : (Record no. 11191)

MARC details
000 -LEADER
fixed length control field 00658nam a22002292 4500
001 - CONTROL NUMBER
control field 0000018972
003 - CONTROL NUMBER IDENTIFIER
control field OSt
005 - DATE AND TIME OF LATEST TRANSACTION
control field 20160108143920.0
008 - FIXED-LENGTH DATA ELEMENTS--GENERAL INFORMATION
fixed length control field 100823s xx 000 0 eng d
020 ## - INTERNATIONAL STANDARD BOOK NUMBER
International Standard Book Number 996644260x :
040 ## - CATALOGING SOURCE
Original cataloging agency KABU
Transcribing agency KABU
100 1# - MAIN ENTRY--PERSONAL NAME
Personal name Abdulaziz, Mohamed H.
245 10 - TITLE STATEMENT
Title Muyaka :
Remainder of title 19th century Swahili popular poetry /
Statement of responsibility, etc. Mohamed H. Abdulaziz.
250 ## - EDITION STATEMENT
Edition statement 1st ed.
260 ## - PUBLICATION, DISTRIBUTION, ETC. (IMPRINT)
Place of publication, distribution, etc. Nairobi :
Name of publisher, distributor, etc. K. L. B.,
Date of publication, distribution, etc. 1979.
300 ## - PHYSICAL DESCRIPTION
Extent xii, 340 p.
650 #0 - SUBJECT ADDED ENTRY--TOPICAL TERM
Topical term or geographic name as entry element Swahili poetry.
908 ## - PUT COMMAND PARAMETER (RLIN)
Put command parameter 100823
942 ## - ADDED ENTRY ELEMENTS (KOHA)
Source of classification or shelving scheme Library of Congress Classification
Koha item type General Collection
Holdings
Withdrawn status Lost status Source of classification or shelving scheme Not for loan Home library Current library Date acquired Total Checkouts Full call number Barcode Date last seen Date last checked out Price effective from Koha item type
    Library of Congress Classification   Kabarak, Main Campus Kabarak, Main Campus 17/12/2015 1 PL8704 .A2A17 1979 c. 2 24659 10/04/2025 09/04/2025 17/12/2015 General Collection
    Library of Congress Classification   Kabarak, Main Campus Kabarak, Main Campus 17/12/2015 8 PL8704 .A2A17 1979 c. 3 24661 04/10/2022 27/06/2022 17/12/2015 General Collection
    Library of Congress Classification   Kabarak, Main Campus Kabarak, Main Campus 17/12/2015 3 PL8704 .A2A17 1979 c. 1 24658 01/07/2024 24/06/2024 17/12/2015 Africana Collection
Designed with assistance from East African Informatics Ltd